000 01638nmm a22004217a 4500
003 CHAP
005 20240605104231.0
007 co |g |||aaaaa
008 000412s1997 fr | b 10 mul d
010 _a80813
011 _a81785
020 _a9230034150
035 _a92265
040 _cCHAP
041 _amul
090 _aCD-7
110 2 _aUNESCO
245 0 _aUNESCO databases (disco compacto)
_h[disco compacto]
_c/por UNESCO
260 _aParis :
_bUNESCO. Centro de Intercambio de Información,
_c1997.
300 _a1 disco compacto (CD) :
_c4 3/4 pulgadas (12cm.)
336 _2rdacontent
_aprograma de computadora
_bcop
337 _2rdamedia
_aordenador
_bc
338 _2rdacamier
_adisco de computadora
_bcd
516 _aBases de datos y referencias bibliográficas
538 _aIBM-PC/XT/AT o compatible, Memoria viva: al menos 640 ko, Disco duro: al menos 3 Mo libre, Windows 3.x o Windows 95, MS-DOS versión 3.0 o superior, MS-DOS extensión MSCDEX.EXE versión 2.0 o superior, Pantalla monocromática o en colores, Lector de CD-ROM (ISO 9660)
546 _aEl contenido está en idiomas: español, inglés, francés
590 _aBATCH-UPD
_b10
_c20130110
590 _aBATCH-UPD
_b10
_c20130410
590 _aBATCH-UPD
_b10
_c20130914
590 _aCONVERSION
_b10
_c20130109
650 1 4 _aCiencias sociales
_xBibliografía.
_923215
650 1 4 _aEducación
_xBibliografía.
_935417
650 1 4 _aMuseos historicos
_xBibliografía.
_979877
650 1 4 _aSIDA (Enfermedad)
_9105806
905 _aLilia Sánchez G.
942 _cCD
_2local
949 _aCD-7
_bBC
_cCD
_d33724000778445
_eCD
_i92265
_sb
999 _c80813
_d80813